ANIMAL DIVERSITY (Record no. 216202)

MARC details
000 -LEADER
fixed length control field 00513nam a22001937a 4500
008 - FIXED-LENGTH DATA ELEMENTS--GENERAL INFORMATION
fixed length control field 251118b |||||||| |||| 00| 0 eng d
020 ## - INTERNATIONAL STANDARD BOOK NUMBER
International Standard Book Number 978-1-260-08427-6
050 ## - LIBRARY OF CONGRESS CALL NUMBER
Classification number QL 47 .A55 2018
100 ## - MAIN ENTRY--PERSONAL NAME
Personal name HICKMAN CLEVELAND
245 ## - TITLE STATEMENT
Title ANIMAL DIVERSITY
250 ## - EDITION STATEMENT
Edition statement EIGHTH EDITION
260 ## - PUBLICATION, DISTRIBUTION, ETC.
Place of publication, distribution, etc. USA
Name of publisher, distributor, etc. MC GRAW-HILL EDUCATION
300 ## - PHYSICAL DESCRIPTION
Extent 111-495P.
500 ## - GENERAL NOTE
General note IT HAS BIBLIOGRAPHIC DATA
650 ## - SUBJECT ADDED ENTRY
Topical term or geographic name entry element SCIENCE AND TECHNOLOGY
700 ## - ADDED ENTRY--PERSONAL NAME
Personal name HICKMAN CLEVERLAND
942 ## - ADDED ENTRY ELEMENTS (KOHA)
Source of classification or shelving scheme Library of Congress Classification
Koha item type Long Loan Book

No items available.